Statistiques concernant Les capitales historiques des régions et provinces de France

Cliquez ici pour prendre le quiz!

Statistiques générales

  • Ce quiz a été pris 758 fois
  • Le résultat moyen est 28 sur 38

Statistiques - réponses

Région ou provinceCapitale% Correct
AlsaceStrasbourg
98%
LyonnaisLyon
96%
(Comté de) NiceNice
96%
Île-de-FranceParis
96%
BretagneRennes
96%
CorseAjaccio
94%
OrléanaisOrléans
94%
Flandre (française)Lille
93%
BougogneDijon
91%
AuvergneClermont-Ferrand
90%
AnjouAngers
86%
LorraineNancy
86%
TouraineTours
85%
LimousinLimoges
83%
NormandieRouen
83%
Guyenne et GascogneBordeaux
82%
PoitouPoitiers
81%
AngoumoisAngoulême
80%
(Comté de) FoixFoix
80%
PicardieAmiens
78%
DauphinéGrenoble
76%
Franche-ComtéBesançon
75%
BéarnPau
74%
RoussillonPerpignan
74%
LanguedocToulouse
74%
SavoieChambéry
72%
NivernaisNevers
71%
ProvenceAix-en-Provence
69%
Trois-EvêchésMetz
69%
MaineLe Mans
64%
ArtoisArras
60%
ChampagneTroyes
57%
BerryBourges
55%
AunisLa Rochelle
54%
SaintongeSaintes
41%
BourbonnaisMoulins
36%
MarcheGuéret
24%
PercheNogent-le-Rotrou
15%

Distribution des résultats

Percentile par nombre de réponses

% des personnes avec chaque résultat

Votre développement - résultats

Vous n’avez pas pris ce quiz